Countries bordering one of the 10 largest countries - Statistics

General Stats
  • This quiz has been taken 71 times
    38 since last reset
  • The average score is 44 of 50
Answer Stats
Bordering country(ies) Answer % Correct
Brazil Argentina
100%
United States Mexico
100%
Brazil, Argentina Bolivia
97%
United States Canada
97%
Russia Estonia
97%
Russia Lithuania
97%
Brazil, Argentina Paraguay
97%
Russia Azerbaijan
94%
Russia Finland
94%
Russia, China Kazakhstan
94%
Russia Latvia
94%
Russia, China Mongolia
94%
Russia, China North Korea
94%
Brazil Peru
94%
Russia Ukraine
94%
Brazil, Argentina Uruguay
94%
India Bangladesh
90%
Russia Belarus
90%
Russia, Kazakhstan China
90%
Russia Georgia
90%
Brazil Guyana
90%
China, Kazakhstan Kyrgyzstan
90%
China, India Myanmar
90%
China, India Nepal
90%
China, India Pakistan
90%
Russia Poland
90%
China Tajikistan
90%
Canada United States
90%
Kazakhstan Uzbekistan
90%
China Afghanistan
87%
Argentina Chile
87%
Brazil Colombia
87%
China Laos
87%
Algeria Libya
87%
Algeria Morocco
87%
Brazil Suriname
87%
Kazakhstan Turkmenistan
87%
Brazil Venezuela
87%
China, India Bhutan
84%
China India
84%
Algeria Mali
84%
Russia Norway
84%
China, Kazakhstan Russia
84%
Algeria Tunisia
84%
China Vietnam
84%
Algeria Mauritania
77%
Brazil France
74%
Algeria Niger
71%
Argentina Brazil
65%
India Sri Lanka
65%
No matching quizzes found
Score Distribution
Percent of People with Each Score
Percentile by Number Answered
Your Score History
You have not taken this quiz since the last reset